Alfred Hitchcock Movies by Trivia - Statistics

General Stats
  • This quiz has been taken 321 times
  • The average score is 6 of 10
Answer Stats
Hint Answer % Correct
After Hitch had spent a lot of money on his previous projects, he was forced to cut the budget for his new film. He shot it in black and white so he could use chocolate as stage blood. Psycho
89%
There are only ten cuts in the whole movie. The events approximately happen in real time. Rope
71%
His only comedy. Shares its name with a 2005 action movie starring Brangelina. Mr. and Mrs. Smith
67%
In "Casablanca", Claude Rains observed a tragic love triangle. Now he's in the center, surrounded by Ingrid Bergman and Cary Grant. Notorious
65%
This movie won the Best Picture Oscar; Hitch, however, came out empty-handed in the Best Director category. Rebecca
65%
In a career as long as his, Hitch even had time to remake one of his own movies. The Man Who Knew Too Much
64%
There was only a limited number of characters, as the story takes place in a boat. In order to have his usual cameo, Hitchcock had to show up in a newspaper photo. Lifeboat
63%
Allegedly, Pierre Boileu and Thomas Narcejac wrote the original novel, "The Living and the Dead" ("D'entre les morts") to be adapted by Hitchcock. Vertigo
57%
Only Hitchcock movie to be shot in 3D. Dial M for Murder
47%
Still silent, but, according to the director himself, the first real Hitchcock movie (and the first one with the cameo). The studio called it "too bad to be shown". When it did hit the screen, after all, some critics said it was the best British film ever. The Lodger
37%
No matching quizzes found
Score Distribution
Percent of People with Each Score
Percentile by Number Answered
Your Score History
You have not taken this quiz